000
00306nam a22001457a 4500
008
221104b ||||| |||| 00| 0 eng d
020
_a
0713163690
041
_a
eng
080
_a
82
082
_a
82 MUL
100
_a
38.1
101
_a
GJUH
245
_a
APHASIA THERAPY
_c
MULLER D
942
_2
udc
_c
BK
999
_c
58738
_d
58738